Φιλοσοφική παιδαγωγική
Αποθηκεύτηκε σε:
| Κύριος συγγραφέας: | |
|---|---|
| Άλλοι συγγραφείς: | , |
| Μορφή: | Βιβλίο |
| Γλώσσα: | Greek German |
| Δημοσίευση: |
Αθήνα :
Γρηγόρης,
1986.
|
| Θέματα: | |
| Ετικέτες: |
Προσθήκη ετικέτας
Δεν υπάρχουν, Καταχωρήστε ετικέτα πρώτοι!
|
MARC
| LEADER | 00000cam a2200000 i 4500 | ||
|---|---|---|---|
| 001 | 1/91438 | ||
| 008 | 991018s1986 gr | ||| |||| ||gre|| | ||
| 035 | |l 10053590 | ||
| 040 | |a GR-MY-UA |b gre |e aacr | ||
| 041 | 1 | |a gre |h ger | |
| 082 | 7 | |a 121.8 |2 (22) | |
| 100 | 1 | |a Bollnow, Otto Friedrich, |d 1903-1991. | |
| 245 | 1 | 0 | |a Φιλοσοφική παιδαγωγική / |c Otto Friedrich Bollnow ; μετάφραση: Μαρίας και Κώστα Βαϊνά. |
| 260 | |a Αθήνα : |b Γρηγόρης, |c 1986. | ||
| 300 | |a 143 σ. ; |c 24 εκ. | ||
| 500 | |a Τίτλος πρωτοτύπου: Anthropologische Padagogik. | ||
| 650 | 0 | 0 | |a Philosophical anthropology. |
| 650 | 0 | 0 | |a Education |x Philosophy. |
| 700 | 1 | |a Βαϊνάς, Κώστας, |d 1946- |e trl | |
| 700 | 1 | |a Βαϊνά, Μαρία, |e trlf | |
| 852 | |a INST |b RHODES |e 19991018 |h 121.8 BOL |p 005400014368 |q 005400014368 |t BK |y 0 | ||
| 852 | |a INST |b RHODES |e 19991018 |h 121.8 BOL |p 005400014369 |q 005400014369 |t BK |y 0 | ||
| 852 | |a INST |b RHODES |e 19991018 |h 121.8 BOL |p 005400014370 |q 005400014370 |t BK |y 0 | ||
| 852 | |a INST |b RHODES |e 19991018 |h 121.8 BOL |p 005400014371 |q 005400014371 |t BK |y 0 | ||
| 852 | |a INST |b RHODES |e 20030602 |h 121.8 BOL |p 005400020347 |q 005400020347 |t BK |y 0 | ||
| 852 | |a INST |b RHODES |e 20030602 |h 121.8 BOL |p 005400020388 |q 005400020388 |t BK |y 0 | ||
| 901 | |a BIBL4-1999-3 | ||
| 909 | |a Ρ |b 064358 | ||
| 909 | |a Ρ |b 064359 | ||
| 909 | |a Ρ |b 064360 | ||
| 909 | |a Ρ |b 064361 | ||
| 909 | |a Ρ |b 101876 | ||
| 909 | |a Ρ |b 101877 | ||
| 970 | |z 2000/06 | ||
| 970 | |z 1999/10/18 | ||